Statistics for Top 10 Sunderland PL scorers

Click here to take the quiz!

General Stats

  • This quiz has been taken 53 times
  • The average score is 6 of 10

Answer Stats

HintAnswer% Correct
61Phillips
95%
33Defoe
86%
32Bent
84%
29Quinn
81%
23Fletcher
57%
19Johnson
57%
26Jones
57%
14Borini
51%
16Sessegnon
43%
14Richardson
30%

Score Distribution

Percentile by Number Answered

Percent of People with Each Score

Your Score History

You have not taken this quiz